000 00449nam a2200181Ia 4500
001 21340
005 20260306172912.0
008 260306t2017||||xx |||||||||||||| ||spa||
041 _aESP
082 _a344.528
_bG14
100 _aGálvez Villegas, Tomás Aladino
_eAUT
245 0 _aEl delito de enriquecimiento ilícito
260 _c2017
300 _a607 páginas :
_c25 cm.
650 _aGEN
654 _aCDE
942 _cLIB
_dJUS
_fJUS
_2ddc
_n
999 _c21340
_d21340